Costos ABC y presupuestos herramientas para la productividad /

Detalles Bibliográficos
Autor principal: Toro Lp̤ez, Francisco J.
Formato: eBook
Lenguaje:español
Publicado: Bogot:̀ ECOE, 2010
Materias:
Acceso en línea:Acceso restringido

MARC

LEADER 00000nam a22000007a 4500
005 20220216223233.0
007 cr|||| ||||
008 220216s2010 co |||||s|||| 00||0 spa d
020 |a 9781449230654 
035 |a 35842 
040 |a vLex 
090 |c 13012  |d 13012 
100 1 |a Toro Lp̤ez, Francisco J. 
245 1 0 |a Costos ABC y presupuestos  |h [Recurso electrn̤ico] :  |b herramientas para la productividad /  |c Francisco J. Toro Lp̤ez 
256 |a Servicio en ln̕ea 
260 |a Bogot:̀  |b ECOE,  |c 2010 
300 |a 1 recurso electrn̤ico 
506 1 |a Disponible solo en los productos indicados  |d vLex Global  |d vLex Global (Academic Edition, excluding Law Schools)  |d vLex Global (U.S. Academic Edition, Law Schools)  |d vLex Global (U.S. Academic Edition, excluding Law Schools)  |d vLex Global (Academic Edition, Law Schools) 
650 0 4 |a Contabilidad  |z Colombia 
740 0 |a vLex Libros (Servicio en ln̕ea) 
856 4 0 |u https://app.vlex.com/#/sources/35842  |z Acceso restringido 
942 |c BOOK 
999 0 |a Accounting